[Event "Sao Sebastiao do Paraiso op 4th"]
[Site "Sao Sebastiao do Paraiso"]
[Date "2016.12.17"]
[Round "3"]
[White "Da Rocha, Eugenio Gabriel"]
[Black "Rodarte, Vinicius Jose Goula"]
[Result "1-0"]
[WhiteElo "1618"]
[BlackElo "1800"]
[PlyCount "113"]
[EventDate "2016.12.17"]
[EventType "swiss"]
[EventRounds "5"]
[EventCountry "BRA"]
[SourceTitle "CBM 176 Extra"]
[Source "ChessBase"]
[SourceDate "2017.03.02"]
[SourceVersion "1"]
[SourceVersionDate "2017.03.02"]
[SourceQuality "1"]

1. e4 e5 2. Nf3 Nc6 3. Bc4 Nf6 4. Ng5 d5 5. exd5 Na5 6. Bb5+ Bd7 7. Qe2 Bd6 8. d4 0-0 9. Bxd7 Qxd7 10. dxe5 Bxe5 11. 0-0 Rfe8 12. Qd3 Qxd5 13. Qxd5 Nxd5 14. Nf3 Bf6 15. c3 c5 16. Bg5 Bxg5 17. Nxg5 Re2 18. Rd1 Rae8 19. Nd2 f6 20. Nge4 Nc7 21. Nxc5 b6 22. Ncb3 Nc6 23. Kf1 Nd5 24. Re1 R2e7 25. Rxe7 Rxe7 26. Re1 Kf7 27. Nc4 Rd7 28. Ne3 Nf4 29. Rd1 Rxd1+ 30. Nxd1 Ke6 31. g3 Nd5 32. Ke2 g5 33. Ne3 f5 34. Nxd5 Kxd5 35. Ke3 Ne5 36. Nd4 Nc4+ 37. Ke2 Nd6 38. b3 g4 39. Kd3 a6 40. f3 h5 41. f4 b5 42. c4+ bxc4+ 43. bxc4+ Kc5 44. Ne6+ Kb4 45. a3+ Kxa3 46. c5 Nc8 47. Ng7 Ne7 48. c6 a5 49. c7 Kb2 50. Nxf5 Nc8 51. Nd4 a4 52. f5 a3 53. f6 a2 54. Nc2 Nb6 55. f7 Nd5 56. c8Q Nb4+ 57. Nxb4 1-0

[Event "Sao Sebastiao do Paraiso Ferias CXSSP I"]
[Site "Sao Sebastiao do Paraiso"]
[Date "2016.07.23"]
[Round "2.8"]
[White "Da Rocha, Eugenio Gabriel"]
[Black "Mendes, Rodrigo Machado"]
[Result "0-1"]
[WhiteElo "1575"]
[BlackElo "1933"]
[PlyCount "62"]
[EventDate "2016.07.22"]
[EventType "swiss"]
[EventRounds "6"]
[EventCountry "BRA"]
[SourceTitle "EXT 2022"]
[Source "ChessBase"]
[SourceDate "2021.10.06"]
[SourceVersion "1"]
[SourceVersionDate "2021.10.06"]
[SourceQuality "1"]

1. e4 e6 2. d4 d5 3. e5 c5 4. Nf3 cxd4 5. Nxd4 Nc6 6. Bb5 Bd7 7. Bxc6 bxc6 8. 0-0 Qc7 9. Qe2 Ne7 10. Bg5 Ng6 11. Nf3 h6 12. Bd2 Be7 13. Re1 0-0 14. c4 Qb6 15. Be3 Qb8 16. cxd5 cxd5 17. Bd4 Rc8 18. Nc3 Qb7 19. Rab1 Rab8 20. a3 Bd8 21. Qe3 Ne7 22. Qd2 Nf5 23. Ne2 Rc4 24. Bc3 Rbc8 25. Ned4 Ne7 26. h3 Ng6 27. g3 Qb8 28. Qe3 Bb6 29. Rbc1 a6 30. b4 Ne7 31. Nd2 Bxd4 0-1

[Event "Sao Sebastiao do Paraiso CXSSP Etapa 2"]
[Site "Sao Sebastiao do Paraiso"]
[Date "2016.05.14"]
[Round "1.6"]
[White "Nascimento, Pedro Henrique Alve"]
[Black "Da Rocha, Eugenio Gabriel"]
[Result "1-0"]
[WhiteElo "1871"]
[BlackElo "1544"]
[PlyCount "59"]
[EventDate "2016.05.14"]
[EventType "swiss"]
[EventRounds "5"]
[EventCountry "BRA"]
[SourceTitle "EXT 2022"]
[Source "ChessBase"]
[SourceDate "2021.10.06"]
[SourceVersion "1"]
[SourceVersionDate "2021.10.06"]
[SourceQuality "1"]

1. d4 d5 2. c4 c6 3. cxd5 cxd5 4. Nc3 Nc6 5. e4 dxe4 6. d5 Ne5 7. Qa4+ Nd7 8. Nxe4 a6 9. Nf3 b5 10. Bxb5 Ngf6 11. Nxf6+ exf6 12. 0-0 Be7 13. Bc6 Rb8 14. Re1 0-0 15. Qf4 Bb7 16. Bxb7 Rxb7 17. d6 Ne5 18. dxe7 Nxf3+ 19. Qxf3 Rxe7 20. Be3 Rfe8 21. Red1 Qb8 22. Rab1 Qc8 23. b4 Qc2 24. Qd5 Re5 25. Qd2 Qe4 26. a4 Rc8 27. b5 Qxa4 28. b6 Qc6 29. b7 Rb8 30. Bf4 1-0

[Event "Batatais 1st"]
[Site "Batatais"]
[Date "2015.10.31"]
[Round "2.3"]
[White "Resende, Lucas B Massucato"]
[Black "Da Rocha, Eugenio Gabriel"]
[Result "1-0"]
[WhiteElo "1663"]
[BlackElo "1616"]
[PlyCount "53"]
[EventDate "2015.10.31"]
[EventType "tourn"]
[EventRounds "9"]
[EventCountry "BRA"]
[SourceTitle "EXT 2022"]
[Source "ChessBase"]
[SourceDate "2021.10.06"]
[SourceVersion "1"]
[SourceVersionDate "2021.10.06"]
[SourceQuality "1"]

1. e4 e5 2. Nf3 Nc6 3. d4 exd4 4. Nxd4 Bc5 5. Be3 Nge7 6. Nxc6 Nxc6 7. Bxc5 d6 8. Be3 Be6 9. Bb5 d5 10. Nc3 dxe4 11. Qxd8+ Rxd8 12. Nxe4 Bd5 13. f3 0-0 14. Bxc6 Bxc6 15. 0-0 Rfe8 16. Bf4 f5 17. Nc3 Rd7 18. Rfd1 Ree7 19. Rxd7 Rxd7 20. Rd1 Rxd1+ 21. Nxd1 Bd5 22. Nc3 c6 23. Nxd5 cxd5 24. Kf2 Kf7 25. Ke3 Ke6 26. Kd4 b6 27. b4 1-0

[Event "Ribeirao Preto Batatais op"]
[Site "Ribeirao Preto"]
[Date "2015.02.28"]
[Round "2"]
[White "Da Rocha, Eugenio Gabriel"]
[Black "Rezende, Paulo Aparecido"]
[Result "1/2-1/2"]
[WhiteElo "1788"]
[BlackElo "1833"]
[PlyCount "64"]
[EventDate "2015.02.28"]
[EventType "swiss"]
[EventRounds "5"]
[EventCountry "BRA"]
[SourceTitle "CBM 165 Extra"]
[Source "ChessBase"]
[SourceDate "2015.04.21"]
[SourceVersion "1"]
[SourceVersionDate "2015.04.21"]
[SourceQuality "1"]

1. d4 Nf6 2. Nc3 d5 3. Bf4 c6 4. h3 Bf5 5. e3 e6 6. a3 Qb6 7. b4 Nbd7 8. Bd3 Bxd3 9. Qxd3 Rc8 10. Na4 Qb5 11. Qxb5 cxb5 12. Nc5 b6 13. Nxd7 Kxd7 14. Rc1 Rc3 15. Ra1 Rxa3 16. Rb1 Ne4 17. Ne2 Bd6 18. Bxd6 Kxd6 19. 0-0 Nd2 20. Ra1 Ra4 21. Rfd1 Nc4 22. Rxa4 bxa4 23. Nc3 a5 24. bxa5 bxa5 25. Nxa4 Rb8 26. Ra1 Rb4 27. c3 Rb3 28. Nc5 Rxc3 29. Nb7+ Kc6 30. Nxa5+ Kb5 31. Nb7 Kb6 32. Rb1+ Kc6 1/2-1/2